UM Logo

Using interactive technologies to influence guests' unplanned dollar spending in hotels / (Record no. 23200)

MARC details
000 -LEADER
fixed length control field 00882nam a22002297a 4500
003 - CONTROL NUMBER IDENTIFIER
control field OSt
005 - DATE AND TIME OF LATEST TRANSACTION
control field 20250515083950.0
008 - FIXED-LENGTH DATA ELEMENTS--GENERAL INFORMATION
fixed length control field 241113b |||||||| |||| 00| 0 eng d
040 ## - CATALOGING SOURCE
Transcribing agency 0
082 ## - DEWEY DECIMAL CLASSIFICATION NUMBER
Classification number DPer 647.94068 In821 August-October 2019
100 ## - MAIN ENTRY--PERSONAL NAME
Personal name Morosan, Christian.
Relator term author.
9 (RLIN) 64074
245 ## - TITLE STATEMENT
Title Using interactive technologies to influence guests' unplanned dollar spending in hotels /
Statement of responsibility, etc. Christian Morosan, Agnes DeFranco.
260 ## - PUBLICATION, DISTRIBUTION, ETC. (IMPRINT)
Place of publication, distribution, etc. Amsterdam ;
Name of publisher, distributor, etc. Elsevier,
Date of publication, distribution, etc. September 2019.
300 ## - PHYSICAL DESCRIPTION
Extent Volume 66, pages 241-251,
Other physical details illustration
500 ## - GENERAL NOTE
General note International Journal of Hospitality Management, v. 81, pages 241-251, August 2019.
650 #0 - SUBJECT ADDED ENTRY--TOPICAL TERM
Topical term or geographic name as entry element IT adoption.
9 (RLIN) 66651
650 #0 - SUBJECT ADDED ENTRY--TOPICAL TERM
Topical term or geographic name as entry element Co-creation of value.
9 (RLIN) 66652
650 #0 - SUBJECT ADDED ENTRY--TOPICAL TERM
Topical term or geographic name as entry element Spending.
9 (RLIN) 66653
700 ## - ADDED ENTRY--PERSONAL NAME
Personal name Morosan, Christian.
Relator term author.
9 (RLIN) 64074
700 ## - ADDED ENTRY--PERSONAL NAME
Personal name DeFranco, Agnes.
Relator term author.
9 (RLIN) 66786
942 ## - ADDED ENTRY ELEMENTS (KOHA)
Source of classification or shelving scheme Dewey Decimal Classification
Koha item type Periodicals
Holdings
Withdrawn status Lost status Source of classification or shelving scheme Damaged status Not for loan Collection code Home library Current library Date acquired Total Checkouts Full call number Date last seen Price effective from Koha item type Public note
    Dewey Decimal Classification     Periodicals UM Digos College - LIC UM Digos College - LIC 11/13/2024   DPer647.94068 August-October 2019 v. 81-83 11/13/2024 11/13/2024 Periodicals Periodical Article